LEADER 01289nam a2200205 i 4500 001 000000154498 003 CaOOAMICUS 005 20090818000000.0 008 090818s1533 xx u000 u lat u 013 $a131844 040 $aSeMil$bita 245 10$aIn Epistolas omnes Canonicas, in Acta Apostolorum et in Apocalupsim piae ac eruditae enarrationes ; Adiectae sunt expositiones hymnorum ecclesiasticorum eiusdem Dionysii. 260 $aColonia :$bexpensis Petrum Quentel,$c1533, aprile, settembre. 300 $a19,5 x 30 ;$ccc. 218 ;$cgot. e rom. 500 $aE' legato con : idem, In omnes Beati Pauli Epistolas ... (v.). - Descrizione da : Incunaboli e Cinquecentine della Biblioteca del Seminario di Milano / catalogo a cura di Ubaldo Valentini, Milano 1981. - Numero di catalogo : 626. 700 0 $aDenis : le Chartreux,$d<1402-1471>.$0(OLS)http://semarc/name/3616 850 $aSeMil 852 $aSeMil$W1$xVenegono$y1$mFV.C I 23/2$j106356$B106356$CSeMilBibl$Z2$F115614 $86 996 $6245$aIn Epistolas omnes Canonicas, in Acta Apostolorum et in Apocalupsim piae ac eruditae enarrationes ; Adiectae sunt expositiones hymnorum ecclesiasticorum eiusdem Dionysii$9(OLS)http://semarc/title/226116 996 $6260$aColonia :$bexpensis Petrum Quentel$9(OLS)http://semarc/publisher/48174 LEADER 00816nam a2200217 4500 001 000000359910 003 CaOOAMICUS 005 20240924093258.0 008 240924s1974 it a 000 u ita r 040 $aSeMil$bita 245 10$aVol. 1. 264 1$aTorino :$bUTET,$c1974. 300 $aXIX, 1042 p., [31] carte di tav. :$bill. ;$c27 cm 500 $aIn mezzo al front.: con 31 tavole a colori fuori testo 773 0 $aPrampolini, Giacomo <1898-1975>$tLetteratura universale.$dTorino : UTET, 1974.$g1$w()359909 850 $aSeMil 852 $aSeMil$W1$xVenegono$y1$m1R VI 26$j250942$B250952$CSeMilBibl$Z2$F250952 $81 961 $aBuzzi mons. Franco - Omaggio 996 $6245$aVol. 1$9(OLS)http://semarc/title/13429 996 $6264$aTorino :$bUTET$9(OLS)http://semarc/publisher/29621